000 00583nam a2200181 a 4500
001 000027689
005 20200930031023.0
008 110404s1989 dr ac 000 0 spa d
040 _aDO-SdBNP
_bspa
_cBNPHU
082 _axxxx
_bL318p
100 1 _aLara Fernández, Carmen
_922283
245 1 0 _aPrimicias del nuevo mundo /
_cCarmen Lara Fernández.
260 _aSanto Domingo :
_bTaller,
_c1989.
300 _a274 p. :
_bil., retrs. ;
_c22 cm.
504 _aIncluye referencias bibliográficas y notas al pie de las páginas
504 _aBibliografía : p. 263-267
049 _aBNPD
999 _c27181
_d27181